000 00728 a2200157 4500
003 Nust
005 20170207154214.0
040 _cNust
082 _a920
100 _aCharlton
245 _aCharlton
_cCharlton
260 _alondon
_bGritain for Penguin
_c1938
300 _a311p;
505 _aFirst Milestone (Page-11) Indelible Markings (page-15) Shame and Secrecy (Page-31) Tailing up and Down (Page-48) Polo Truant (Page-69) Zanzibar Ganymede’s (page-87) Adventitious Reward (Page-108) Maiden All Forlorn (Page-134) Garrison (Page-179) Over the Plain (Page-216) Femininity In Arms (page-237) Endurance and Resignation (Page-267) Death in Ibiza (Page-296) Watering and Plating (Page-303)
538 _aAlmirah No.134Shelf No.4
942 _2ddc
_cBK
999 _c195010
_d195010